Abridged life tables of Pakistan & its provinces, 1962 (provisional). (Record no. 84379)

MARC details
000 -LEADER
fixed length control field 00765nam a2200241 4500
001 - CONTROL NUMBER
control field sa 68012201
003 - CONTROL NUMBER IDENTIFIER
control field DLC
005 - DATE AND TIME OF LATEST TRANSACTION
control field 20260227112608.0
008 - FIXED-LENGTH DATA ELEMENTS--GENERAL INFORMATION
fixed length control field 700825s1966 pk s 00010 eng
010 ## - LIBRARY OF CONGRESS CONTROL NUMBER
LC control number sa 68012201 //r70
025 ## - OVERSEAS ACQUISITION NUMBER
Overseas acquisition number PL480:P-E-1202
043 ## - GEOGRAPHIC AREA CODE
Geographic area code a-pk---
050 0# - LIBRARY OF CONGRESS CALL NUMBER
Classification number HA1730.5
Item number .A8
082 ## - DEWEY DECIMAL CLASSIFICATION NUMBER
Classification number 312/.09549
100 10 - MAIN ENTRY--PERSONAL NAME
Personal name Aslam, Mohammad,
Dates associated with a name 1931-
245 1# - TITLE STATEMENT
Title Abridged life tables of Pakistan & its provinces, 1962 (provisional).
Statement of responsibility, etc. [Prepared by M. Aslam.
260 0# - PUBLICATION, DISTRIBUTION, ETC.
Place of publication, distribution, etc. Karachi]
Name of publisher, distributor, etc. Central Statistical Office, Economic Affairs Division, Govt. of Pakistan,
Date of publication, distribution, etc. 1966.
300 ## - PHYSICAL DESCRIPTION
Extent 59 p.
Dimensions 26 cm.
350 ## - PRICE (NR) (BK AM CF MU VM SE) [OBSOLETE]
Price unpriced
500 ## - GENERAL NOTE
General note Cover title.
651 #0 - SUBJECT ADDED ENTRY--GEOGRAPHIC NAME
Geographic name Pakistan
General subdivision Statistics, Vital.
710 10 - ADDED ENTRY--CORPORATE NAME
Corporate name or jurisdiction name as entry element Pakistan.
Subordinate unit Central Statistical Office.

No items available.

Powered by Koha